US Presidents in Film & TV - Picture Quiz - Statistics

General Stats
  • This quiz has been taken 24,542 times
  • The average score is 15 of 20
Answer Stats
Picture Hint Answer % Correct
Daniel Day-Lewis in
_______
Abraham Lincoln
99%
Parker Sawyers in
Southside with You
Barack Obama
98%
Alec Baldwin on
Saturday Night Live
Donald Trump
95%
Clive Owen in
Impeachment
Bill Clinton
94%
Caspar Phillipson in
Jackie
John F. Kennedy
94%
Jim Carrey on
Saturday Night Live
Joe Biden
91%
Jeff Daniels in
The Crossing
George Washington
90%
Robin Williams in
Night at the Museum
Theodore Roosevelt
88%
Jon Voight in
Pearl Harbor
Franklin D. Roosevelt
83%
Gary Oldman in
Oppenheimer
Harry S. Truman
82%
Sam Rockwell in
Vice
George W. Bush
81%
Anthony Hopkins in
_____
Richard Nixon
80%
Dennis Quaid in
______
Ronald Reagan
72%
Nick Nolte in
_______ in Paris
Thomas Jefferson
63%
Kevin Kline in
Wild Wild West
Ulysses S. Grant
59%
Paul Giamatti in
____ _____
John Adams
58%
Woody Harrelson in
____
Lyndon B. Johnson
53%
Charlton Heston in
The Buccaneer
Andrew Jackson
52%
Anthony Hopkins in
Amistad
John Quincy Adams
51%
Nigel Hawthorne in
Amistad
Martin Van Buren
40%
No matching quizzes found
Score Distribution
Percent of People with Each Score
Percentile by Number Answered
Your Score History
You have not taken this quiz